000 00731nam a2200229Ia 4500
001 17916
003 GE_BSU
008 181216s||||||||xx |||||||||||||| ||und||
040 _cGE_BSU
080 _a821.353.1-1
100 _aკაჭახიძე, გიორგი
245 _aსიმღერაში დამათენდა
245 _bლექსები
245 _cრედ.გ.გორგაძე. მხატვ.გ.დიკი
260 _aთბილისი
260 _bსაბჭ. მწერალი
260 _c1961
300 _a82გვ. ; 17სმ.
653 _aლექსები
653 _aსიმღერაში დამათენდა
942 _cBK
999 _c50959
_d50959